ファミリーマートで買えるコーヒー - Statistics

General Stats
  • This quiz has been taken 18 times
  • The average score is 9 of 12
Answer Stats
種類 値段(8%税込) % Correct
アイスコーヒーL ¥310
100%
アイスコーヒーM ¥220
100%
アイスコーヒーS ¥130
100%
カフェラテL ¥220
83%
カフェラテM ¥180
83%
ブレンドS ¥120
67%
ブレンドL ¥220
58%
アイスカフェラテL ¥310
58%
ブレンドM ¥180
58%
モカブレンドM ¥210
58%
アイスカフェラテM ¥220
58%
モカブレンドS ¥140
58%
No matching quizzes found
Score Distribution
Percent of People with Each Score
Percentile by Number Answered
Your Score History
You have not taken this quiz